North America Countries - Blind Typing - Statistics

General Stats
  • This quiz has been taken 56 times
  • The average score is 21 of 23
Answer Stats
Country % Correct
Canada
98%
Mexico
98%
United States
98%
Costa Rica
95%
Cuba
95%
Jamaica
95%
Guatemala
93%
Haiti
93%
Honduras
93%
Bahamas
90%
Belize
90%
Dominican Republic
90%
El Salvador
90%
Panama
90%
Saint Kitts and Nevis
90%
Saint Lucia
90%
Antigua and Barbuda
88%
Barbados
88%
Dominica
88%
Saint Vincent and the Grenadines
85%
Nicaragua
83%
Trinidad and Tobago
83%
Grenada
78%
No matching quizzes found
Score Distribution
Percent of People with Each Score
Percentile by Number Answered
Your Score History
You have not taken this quiz